00497nam a22001811 450000100070000000500170000700800410002401000170006504000180008204100080010004300120010808000140012008200150013410000070014910100080015624501250016450400260028975538720180122092410.0740606s1967 nyuabc b 000 0 eng  a 67023025  aDLCcDLCdDLC aeng an-us--- a917.6 LAW00a917.6 LAW1 a42 aGJE14aThe South Central States: Arkansas, Louisiana, Oklahoma, Texas,cby Lawrence Goodwyn and the editors of Time-Life Books. aBibliography: p. 188.